| 000 | 00786 aa a2200217 4500 | ||
|---|---|---|---|
| 005 | 2012053004374.0 | ||
| 010 | _a | ||
| 020 |
_c125.00 _a |
||
| 035 | _aB-205289 | ||
| 037 | _bpub | ||
| 082 | _a581 | ||
| 100 |
_aअधीर, वीरकुमार _948231 |
||
| 245 |
_aपौधों की अनोखी दुनिया / _cवीरकुमार अधीर |
||
| 246 |
_a _b |
||
| 260 |
_aदिल्ली _bप्रेम प्रकाशन मन्दिर _c2005 |
||
| 270 |
_a _b _e |
||
| 300 |
_a88पृ _c22 सेमी (अजिल्द) |
||
| 490 |
_a _948232 |
||
| 942 |
_adpl _cHN _k _2ddc _h581 _mअधीर |
||
| 999 |
_c67368 _d67368 |
||